000 00670nam a2200265Ia 4500
005 20260306164518.0
008 008 260114s9999 xx 000 0 eng d
020 _a9780199971244
037 _aEBOOK
040 _aCRL
040 _beng
040 _cCRL
041 _2eng
041 _aeng
084 _qCRL
100 _aMartin Peitz, Joel Waldfogel
_91130936
245 4 _aThe Oxford Handbook Of The Digital Economy
260 _bOxford University Press
260 _c2012
650 _aBusiness Economics & Finance
856 _uhttps://academic.oup.com/edited-volume/28259
942 _cEBOOK
999 _c1714338
_d1714338